书目信息 |
| 题名: |
用“着地”的方法教地理
|
|
| 作者: | 李万龙 著 | |
| 分册: | ||
| 出版信息: | 南京 江苏凤凰教育出版社 2015 |
|
| 页数: | 179页 | |
| 开本: | 24cm | |
| 丛书名: | 江苏人民教育家培养工程丛书 | |
| 单 册: | ||
| 中图分类: | G633.552 | |
| 科图分类: | ||
| 主题词: | 中学地理课--zhong xue di li ke--教学研究 | |
| 电子资源: | ||
| ISBN: | 978-7-5499-4733-1 | |
| 000 | 01009nam0 22002651 450 | |
| 001 | 1759783613 | |
| 005 | 20170603153350.0 | |
| 010 | @a978-7-5499-4733-1@dCNY28.00 | |
| 100 | @a20151026d2015 em y0chiy50 ea | |
| 101 | 0 | @achi |
| 102 | @aCN@b320000 | |
| 105 | @aa z 000yy | |
| 106 | @ar | |
| 200 | 1 | @a用“着地”的方法教地理@Ayong zhao di de fang fa jiao di li@f李万龙著 |
| 210 | @a南京@c江苏凤凰教育出版社@d2015 | |
| 215 | @a179页@c图,照片@d24cm | |
| 225 | 2 | @a江苏人民教育家培养工程丛书@Ajiang su ren min jiao yu jia pei yang gong cheng cong shu@f沈健主编 |
| 300 | @a江苏省文化艺术精品项目 大教育书馆 | |
| 330 | @a本书针对地理教学中实践活动的缺失、“过程与方法”目标被忽视、重传授轻探究等不“着地”现象,提出要用“着地”的方法教地理。 | |
| 461 | 0 | @12001 @a江苏人民教育家培养工程丛书 |
| 606 | 0 | @a中学地理课@Azhong xue di li ke@x教学研究 |
| 690 | @aG633.552@v5 | |
| 701 | 0 | @a李万龙@Ali wan long@c(地理教师)@4著 |
| 801 | 0 | @aCN@bTANGWEI@c20170518 |
| 905 | @b1007616-21@dG633.552@e302@f6 | |
| 用“着地”的方法教地理/李万龙著.-南京:江苏凤凰教育出版社,2015 |
| 179页:图,照片;24cm.-(江苏人民教育家培养工程丛书/沈健主编) |
| 江苏省文化艺术精品项目 大教育书馆 |
| ISBN 978-7-5499-4733-1:CNY28.00 |
| 本书针对地理教学中实践活动的缺失、“过程与方法”目标被忽视、重传授轻探究等不“着地”现象,提出要用“着地”的方法教地理。 |
| ● |
| 相关链接 |
|
|
|
|
正题名:用"着地"的方法教地理
索取号:G633.552/302
 
预约/预借
| 序号 | 登录号 | 条形码 | 馆藏地/架位号 | 状态 | 备注 |
| 1 | 1007616 | 210076166 | 第一样本阅览室/ [索取号:G633.552/302] | 在馆 | |
| 2 | 1007617 | 210076175 | 教育系资料室/ [索取号:G633.552/302] | 在馆 | |
| 3 | 1007618 | 210076184 | 教育系资料室/ [索取号:G633.552/302] | 在馆 | |
| 4 | 1007619 | 210076193 | 教育系资料室/ [索取号:G633.552/302] | 在馆 | |
| 5 | 1007620 | 210076200 | 第四借阅区/ [索取号:G633.552/302] | 在馆 | |
| 6 | 1007621 | 210076219 | 第四借阅区/ [索取号:G633.552/302] | 在馆 |